| 000 | 01056cam a2200205 4500 | ||
|---|---|---|---|
| 001 | WB@3612-52 | ||
| 008 | 041104n2004 000 0 eng u | ||
| 035 | _a(Sirsi) u127907 | ||
| 245 | _aConstruction sector confidence slips | ||
| 260 | _c2004 | ||
| 490 |
_aCIPS News Release _vNovember 2004 (1) |
||
| 520 | _aOptimism in the booming UK construction sector dipped to the lowest level in three years last month as activity levels showed signs of cooling. Despite the moderation in growth, the Chartered Institute of Purchasing and Supply said its monthly measure of expansion in the sector remained well above the no-change mark of 50, recording 55 in October 2004. That compared to 56.8 in September 2004. Higher workloads were recorded in the three areas of construction activity - housing, commercial and civil engineering. http://www.cips.org/ | ||
| 590 | _aWB | ||
| 590 | _aWB | ||
| 650 | _aCONSTRUCTION SECTOR | ||
| 650 | _aNEW ORDERS | ||
| 650 | _aCONSTRUCTION EMPLOYMENT | ||
| 690 | _aBUILDING AND CONSTRUCTION-ECONOMICS | ||
| 942 | _n0 | ||
| 999 |
_c118276 _d118276 |
||